01054cam a22002291 4500001001300000003000400013005001700017008004100034010001700075035002000092040005800112050002300170100005600193245016100249260004800410300009300458490005200551500005000603504003200653650007000685650006900755gs 25000005 DLC20260227111329.0840928s1924 dcuabf b f000 0 eng c ags 25000005  a(OCoLC)11209414 aU.S. Geol. survey. LibrarycCLSdOCoLCdDLCdWaUdDLC00aTC801b.U2 no. 5191 aClark, William O.q(William Otterbein),d1874-1952.10aGround water in Santa Clara valley, California,cby William O. Clark. Prepared in cooperation with the Department of engineering of the state of California. aWashington,bU.S. Govt. Print. Off.,c1924. avii, 209 p.billus., XIX pl. (part fold., incl. maps, profiles, diagrs.) tables.c24 cm.0 aU.S. Geological survey. Water-supply paperv519 aAt head of title: Department of the interior. aBibliographical references. 0aWater-supplyzCaliforniazSanta Clara Valley (Santa Clara County) 0aGroundwaterzCaliforniazSanta Clara Valley (Santa Clara County)